| 000 | 01222nam a22003377a 4500 | ||
|---|---|---|---|
| 003 | CHAP | ||
| 005 | 20220817043031.0 | ||
| 008 | 971010s1981 r 00010 d | ||
| 010 | _a63458 | ||
| 011 | _a64430 | ||
| 035 | _a69753 | ||
| 040 | _cCHAP | ||
| 082 |
_a632.7 _bP42 |
||
| 100 | 0 | 0 |
_aPedroza Sandoval, Aurelio. _986574 |
| 245 |
_aCompendio de las principales plagas que atacan a los cultivos en México _b: con énfasis en el centro y norte del país |
||
| 260 |
_aChapingo, Méx. : _bUACH. Departamento de Zonas Aridas, _c1981 |
||
| 300 | _a438 p. ilus | ||
| 590 |
_aBATCH-UPD _b10 _c20130109 _lUCH01 _h2341 |
||
| 590 |
_aBATCH-UPD _b10 _c20130110 _lUCH01 _h1745 |
||
| 590 |
_aBATCH-UPD _b10 _c20130409 _lUCH01 _h1911 |
||
| 590 |
_aBATCH-UPD _b10 _c20130914 _lUCH01 _h1120 |
||
| 590 |
_aCONVERSION _b10 _c20130109 _lUCH01 _h1334 |
||
| 650 | 1 | 4 |
_aCultivos _xPlagas. _930305 |
| 650 | 1 | 4 |
_aEntomología económica. _937145 |
| 710 | 0 | _aUACH. Departamento de Zonas Aridas. | |
| 901 | _aBK | ||
| 942 | _cLIBRO | ||
| 949 |
_a632.7 P42 _bBC _cLIBRO _d33724000749982 _eLIBRO _h54631 _i69753 _mD _si |
||
| 949 |
_a632.7 P42 _bBC _cUACH _d-115611 _eUACH _fc.2 _h54632 _i69753 _mD _si |
||
| 949 |
_a632.7 P43 _bP _cCBD _d-1979 _eC _h763 _i69753 _si |
||
| 999 |
_c63458 _d63458 |
||